Compensation administration/ (Record no. 11461)
[ view plain ]
| 000 -LEADER | |
|---|---|
| fixed length control field | 00857nam a22002297a 4500 |
| 008 - FIXED-LENGTH DATA ELEMENTS--GENERAL INFORMATION | |
| fixed length control field | 181205b ||||| |||| 00| 0 eng |
| 020 ## - INTERNATIONAL STANDARD BOOK NUMBER | |
| International Standard Book Number | 978-971-9654-61-2 |
| 082 ## - DEWEY DECIMAL CLASSIFICATION NUMBER | |
| Edition number | 2017 |
| Classification number | DFil 331.2 |
| Item number | M768 |
| 100 ## - MAIN ENTRY--PERSONAL NAME | |
| Personal name | Montoya, Rome Sherriff G. |
| 9 (RLIN) | 31477 |
| 245 ## - TITLE STATEMENT | |
| Title | Compensation administration/ |
| Statement of responsibility, etc. | Rome Sherriff G. Montoya, Dela Cruz, Michael L., Banaag, Francis B., Ople, Lucky Lester B., Painaga Ma. Victoria C. |
| 260 ## - PUBLICATION, DISTRIBUTION, ETC. (IMPRINT) | |
| Place of publication, distribution, etc. | Manila: |
| Name of publisher, distributor, etc. | Unlimited Books Library Services & Publishing Inc. |
| Date of publication, distribution, etc. | ©2017. |
| 300 ## - PHYSICAL DESCRIPTION | |
| Extent | x, 148 pages. |
| Other physical details | illustrations; |
| Dimensions | 23 cm. |
| 500 ## - GENERAL NOTE | |
| General note | Includes references. |
| 650 ## - SUBJECT ADDED ENTRY--TOPICAL TERM | |
| Source of heading or term | Salaries and wages |
| 650 ## - SUBJECT ADDED ENTRY--TOPICAL TERM | |
| Source of heading or term | Compensation |
| 700 ## - ADDED ENTRY--PERSONAL NAME | |
| Personal name | Dela Cruz, Michael L. |
| 9 (RLIN) | 32774 |
| 700 ## - ADDED ENTRY--PERSONAL NAME | |
| Personal name | Ople, Lucky Lester |
| 9 (RLIN) | 32861 |
| 700 ## - ADDED ENTRY--PERSONAL NAME | |
| Personal name | Banaag, Francis B. |
| 9 (RLIN) | 17089 |
| 700 ## - ADDED ENTRY--PERSONAL NAME | |
| Personal name | Painaga, Ma. Victoria |
| 9 (RLIN) | 32862 |
| 365 ## - TRADE PRICE | |
| Price amount | 393 |
| Currency code | Php |
| 942 ## - ADDED ENTRY ELEMENTS (KOHA) | |
| Source of classification or shelving scheme | Dewey Decimal Classification |
| Koha item type | Filipiniana |
| Withdrawn status | Lost status | Source of classification or shelving scheme | Damaged status | Not for loan | Collection code | Home library | Current library | Shelving location | Date acquired | Source of acquisition | Cost, normal purchase price | Total Checkouts | Full call number | Barcode | Date last seen | Date last checked out | Copy number | Price effective from | Koha item type |
|---|---|---|---|---|---|---|---|---|---|---|---|---|---|---|---|---|---|---|---|
| Dewey Decimal Classification | Filipiniana | UM Digos College - LIC | UM Digos College - LIC | Book Cart | 08/29/2018 | Purchased | 393.00 | 4 | DFil 331.2 M768 2017 | 25320 | 05/15/2025 | 08/12/2020 | 2 | 12/05/2018 | Filipiniana | ||||
| Dewey Decimal Classification | Filipiniana | UM Digos College - LIC | UM Digos College - LIC | 08/29/2018 | Purchased | 393.00 | DFil 331.2 M768 2017 | 25319 | 05/15/2025 | 1 | 12/05/2018 | Filipiniana | |||||||
| Dewey Decimal Classification | Filipiniana | UM Digos College - LIC | UM Digos College - LIC | Book Cart | 08/08/2019 | Purchased | 527.25 | 3 | DFil 331.2 M768 2017 | 25901 | 05/15/2025 | 03/31/2021 | 4 | 02/03/2020 | Filipiniana | ||||
| Dewey Decimal Classification | Filipiniana | UM Digos College - LIC | UM Digos College - LIC | 08/08/2019 | Purchased | 527.25 | DFil 331.2 M768 2017 | 25900 | 05/15/2025 | 3 | 02/03/2020 | Filipiniana |
